Loading...
| Science - Other Science | 5 | 6 | 3 | 1 | 120 | 52 | 82.00 | 2 | 10 |
| Science - Chemistry | 5 | 3 | 1 | 0 | 100 | 28 | 68.13 | 2 | 8 |
| Science - Physics | 2 | 4 | 2 | 0 | 60 | 49 | 82.67 | 1 | 6 |
| Philosophy | 0 | 3 | 0 | 1 | 30 | 118 | 129.67 | 0 | 1 |
| Current Events | 1 | 1 | 0 | 1 | 25 | 51 | 90.00 | 0 | 1 |
| Science - Biology | 0 | 3 | 1 | 0 | 25 | 90 | 113.67 | 0 | 1 |
| Social Science | 1 | 1 | 0 | 0 | 25 | 83 | 111.00 | 1 | 2 |
| History - American History | 0 | 2 | 0 | 0 | 20 | 129 | 132.50 | 0 | 0 |
| Geography | 0 | 2 | 0 | 0 | 20 | 103 | 105.00 | 0 | 0 |
| Fine Arts - Visual Fine Arts | 0 | 2 | 0 | 2 | 20 | 150 | 150.00 | 0 | 1 |
| Religion | 0 | 1 | 0 | 0 | 10 | 99 | 99.00 | 1 | 1 |
| Other Academic | 0 | 1 | 1 | 1 | 5 | 135 | 135.00 | 0 | 0 |
| History - Ancient History | 0 | 0 | 0 | 0 | 0 | 0.00 | 0 | 0 | |
| History - World History | 0 | 0 | 0 | 0 | 0 | 0.00 | 0 | 0 | |
| Literature - European Literature | 0 | 0 | 0 | 0 | 0 | 0.00 | 0 | 0 |